The application of the Environmental Impact Assessment Directive to 'stalled' reviews of old mineral permissions and periodic reviews of mineral permissions in England - Consultation Paper (Record no. 106280)
[ view plain ]
| 000 -LEADER | |
|---|---|
| fixed length control field | 01843cam a2200217 4500 |
| 001 - CONTROL NUMBER | |
| control field | L135999 |
| 008 - FIXED-LENGTH DATA ELEMENTS--GENERAL INFORMATION | |
| fixed length control field | 070102n2006 000 0 eng u |
| 035 ## - SYSTEM CONTROL NUMBER | |
| System control number | (Sirsi) u135999 |
| 041 0# - LANGUAGE CODE | |
| Language code of text/sound track or separate title | eng |
| 110 1# - MAIN ENTRY--CORPORATE NAME | |
| Corporate name or jurisdiction name as entry element | United Kingdom |
| Subordinate unit | Department of Communities and Local Government |
| 9 (RLIN) | 6152 |
| 245 04 - TITLE STATEMENT | |
| Title | The application of the Environmental Impact Assessment Directive to 'stalled' reviews of old mineral permissions and periodic reviews of mineral permissions in England - Consultation Paper |
| 260 ## - PUBLICATION, DISTRIBUTION, ETC. | |
| Place of publication, distribution, etc. | London |
| Name of publisher, distributor, etc. | DCLG |
| Date of publication, distribution, etc. | 2006 |
| 505 ## - FORMATTED CONTENTS NOTE | |
| Formatted contents note | The problem of 'stalled' reviews of old mineral permissions -- Proposed regulations to apply environmental impact assessment to 'stalled' conditions review applications -- Proposed sanctions applying to all reviews of mineral planning permissions. |
| 520 ## - SUMMARY, ETC. | |
| Summary, etc. | Seeks comments on a proposal to amend the Town and Country Planning (Environmental Impact Assessment) (England and Wales) Regulations 1999 ('EIA Regulations 1999') in relation to England. The proposed amendments would put beyond doubt the application of the provisions of the EIA Regulations 1999 and of the EIA Directive to applications for the review of old minerals permissions submitted before 15 November 2000 but not yet determined. They would provide for the sanction of suspension of operations to apply to sites which are the subject of such applications which remain undetermined. |
| 590 ## - LOCAL NOTE (RLIN) | |
| Local note | KA |
| 650 ## - SUBJECT ADDED ENTRY--TOPICAL TERM | |
| Topical term or geographic name entry element | TOWN AND COUNTRY PLANNING (ENVIRONMENTAL IMPACT ASSESSMENT) (ENGLAND AND WALES) REGULATIONS 1999 |
| 651 #4 - SUBJECT ADDED ENTRY--GEOGRAPHIC NAME | |
| Geographic name | England and Wales |
| Chronological subdivision | 1543- |
| 690 ## - LOCAL SUBJECT ADDED ENTRY--TOPICAL TERM (OCLC, RLIN) | |
| Topical term or geographic name as entry element | ENVIRONMENTAL AND LAND CONSULTANCY-ENVIRONMENTAL MANAGEMENT-ENVIRONMENTAL ASSESSMENT-ENVIRONMENTAL IMPACT ASSESSMENT |
| 856 04 - ELECTRONIC LOCATION AND ACCESS | |
| Uniform Resource Identifier | <a href="https://www.communities.gov.uk/index.asp?id=1505253">https://www.communities.gov.uk/index.asp?id=1505253</a> |
| Public note | View the consultation paper free of charge at www.communities.gov.uk... |
| 942 ## - ADDED ENTRY ELEMENTS (KOHA) | |
| Suppress in OPAC | 0 |
| Withdrawn status | Lost status | Source of classification or shelving scheme | Damaged status | Not for loan | Home library | Current library | Shelving location | Date acquired | Total Checkouts | Full call number | Barcode | Date last seen | Copy number | Price effective from | Koha item type |
|---|---|---|---|---|---|---|---|---|---|---|---|---|---|---|---|
| Dewey Decimal Classification | Virtual | Virtual | Online | 02/01/2007 | ONLINE PUBLICATION | 135999-1001 | 06/08/2019 | 1 | 06/08/2019 | Book |